Globlisation and response of the churches / (Record no. 154549)

MARC details
000 -LEADER
fixed length control field 00755nam a22002177a 4500
005 - DATE AND TIME OF LATEST TRANSACTION
control field 20180723122235.0
010 ## - LCCN (DPL NO)
LC control number ENG-123533
020 ## - INTERNATIONAL STANDARD BOOK NUMBER
Terms of availability 300.00
International Standard Book Number 9788192606217
035 ## - SYSTEM CONTROL NUMBER
System control number EN-107065
037 ## - SOURCE OF ACQUISITION
Source of stock number/acquisition DBAD/PUB
082 ## - DEWEY DECIMAL CLASSIFICATION NUMBER
Classification number 280.61
245 ## - TITLE STATEMENT
Title Globlisation and response of the churches /
Statement of responsibility, etc ed. by Alphonsus D'Souza; O.L. Snaitang [and] Limatula Longkumer
260 ## - PUBLICATION, DISTRIBUTION, ETC. (IMPRINT)
Place of publication, distribution, etc Guwahati
Name of publisher, distributor, etc North Eastern Social Research Centre
Date of publication, distribution, etc 2014
270 ## - ADDRESS
Address Jagriti, (2nd Floor), Arunodoi path, GMCH Road, Christian Basti,
City Guwahati
Postal code 781005
300 ## - PHYSICAL DESCRIPTION
Extent xxvi,310p.
Dimensions 21cm.(pbk)
500 ## - GENERAL NOTE
General note It includes index.
700 ## - ADDED ENTRY--PERSONAL NAME
Personal name Souza, Alphonsus D.
700 ## - ADDED ENTRY--PERSONAL NAME
Personal name Snaitang, O.L.
700 ## - ADDED ENTRY--PERSONAL NAME
Personal name Longkumer, Limatula
942 ## - ADDED ENTRY ELEMENTS (KOHA)
Source of classification or shelving scheme Dewey Decimal Classification
Item type English Books
Classification part 280.61
Call number suffix GLO
Holdings
Withdrawn status Lost status Not for loan Collection code Home library Current library Date acquired Source of acquisition Cost, normal purchase price Full call number Barcode Copy number Cost, replacement price Koha item type
    Not For Loan Non-fiction D.B.Act.Division Bawana 20/07/2018 DBAD/PUB 300.00 280.61 GLO EN-107065 1 300.00 English Books

© Delhi Public Library
Hit Counter
free hit counter